Moody Blues Lyrics III Quiz Stats

 Plays Quiz not verified by Sporcle

Challenge
Share
Tweet
Embed
Score 0/223 Timer 10:00
0 Plays Today
% Correct
I
93.9%
I
93.9%
I
93.9%
I
93.9%
I
93.9%
I
93.9%
I
93.9%
I
93.9%
I
93.9%
I
93.9%
I
93.9%
I
93.9%
I
93.9%
I
93.9%
I
93.9%
a
93%
a
93%
a
93%
a
93%
a
93%
a
93%
a
93%
a
93%
the
91.3%
the
91.3%
the
91.3%
the
91.3%
the
91.3%
the
91.3%
the
91.3%
the
91.3%
The
91.3%
the
91.3%
the
91.3%
the
91.3%
the
91.3%
the
91.3%
you
87%
you
87%
you
87%
you
87%
you
87%
you
87%
you
87%
you
87%
you
87%
you
87%
you
87%
in
85.2%
In
85.2%
In
85.2%
In
85.2%
in
85.2%
In
85.2%
In
85.2%
In
85.2%
your
81.7%
me
81.7%
your
81.7%
your
81.7%
And
81.7%
And
81.7%
And
81.7%
your
81.7%
And
81.7%
And
81.7%
And
81.7%
your
81.7%
me
81.7%
your
81.7%
your
81.7%
your
81.7%
if
79.1%
We
79.1%
if
79.1%
% Correct
if
79.1%
we
79.1%
if
79.1%
if
79.1%
if
79.1%
when
77.4%
when
77.4%
when
77.4%
When
77.4%
when
77.4%
when
77.4%
When
77.4%
when
77.4%
when
77.4%
it
74.8%
to
73.9%
to
73.9%
time
72.2%
were
72.2%
where
72.2%
time
72.2%
time
72.2%
time
72.2%
time
72.2%
time
72.2%
time
72.2%
were
72.2%
where
72.2%
time
72.2%
eyes
71.3%
are
71.3%
are
71.3%
are
71.3%
eyes
71.3%
are
71.3%
Once
70.4%
upon
70.4%
Once
70.4%
Once
70.4%
upon
70.4%
dreams
70.4%
Once
70.4%
Once
70.4%
upon
70.4%
dreams
70.4%
Once
70.4%
upon
70.4%
Once
70.4%
Once
70.4%
upon
70.4%
dreams
70.4%
Once
70.4%
upon
70.4%
Once
70.4%
upon
70.4%
Once
70.4%
Once
70.4%
upon
70.4%
dreams
70.4%
dreams
70.4%
dreams
70.4%
wildest
69.6%
wildest
69.6%
Love
69.6%
wildest
69.6%
wildest
69.6%
wildest
69.6%
wildest
69.6%
mine
68.7%
mine
68.7%
was
67%
was
67%
was
67%
was
67%
know
67%
% Correct
Think
66.1%
about
66.1%
day
66.1%
all
66.1%
all
66.1%
think
66.1%
about
66.1%
Think
66.1%
about
66.1%
wonder
65.2%
wonder
65.2%
Our
65.2%
wonder
65.2%
wonder
65.2%
wonder
65.2%
wonder
65.2%
wonder
65.2%
wonder
65.2%
remember
62.6%
remember
62.6%
remember
62.6%
still
60.9%
That
60%
knew
60%
knew
60%
had
59.1%
had
59.1%
skies
58.3%
skies
58.3%
music
57.4%
plays
57.4%
with
57.4%
music
57.4%
plays
57.4%
hear
57.4%
music
57.4%
plays
57.4%
with
57.4%
music
57.4%
plays
57.4%
music
57.4%
plays
57.4%
hear
57.4%
world
56.5%
new
56.5%
new
56.5%
care
56.5%
ours
56.5%
away
54.8%
stars
53.9%
Reflected
53%
brand
53%
couldn't
53%
morning
52.2%
sorrow
51.3%
sorrow
51.3%
dew
50.4%
Touched
49.6%
follow
49.6%
universe
49.6%
Touched
49.6%
follow
49.6%
ourselves
48.7%
words
48.7%
sound
48.7%
words
48.7%
sound
48.7%
mirrored
48.7%
tear
47.8%
beneath
47.8%
bodies
46.1%
felt
45.2%
greets
38.3%

You're not logged in!

Compare scores with friends on all Sporcle quizzes.
Join for Free
OR
Log In

You Might Also Like...

Show Comments

Extras

Top Quizzes Today


Score Distribution

Your Account Isn't Verified!

In order to create a playlist on Sporcle, you need to verify the email address you used during registration. Go to your Sporcle Settings to finish the process.

Report this User

Report this user for behavior that violates our Community Guidelines.

Details: